000 00634cam a22002172 4500
001 0000001220
005 20151217151809.0
008 070227s xx 000 0 eng d
020 _a0767411714 :
_cKES 500
040 _aKABU
_cKABU
050 0 _aGN60
_b.R45 2000
100 1 _aRelethford, John H.
_@0000149824
245 1 4 _aThe Human species :
_ban introduction to biological anthropology.
250 _a4th ed.
260 _aLondon :
_bMayfield,
_c2000.
300 _axvii, 499 p.
650 0 _aPhysical anthropology.
_@0000149825
908 _a070227
950 _@1
999 _c5138
_d5138